000 00930nam a2200301 i 4500
001 18417
003 ES-MaACL
005 20251009063048.0
007 t|
008 011106s2000 sp ||||0| spa j
020 _a84-8164-224-X
040 _aM-BN
_bspa
_cM-BN
080 _a17"19"
080 _a28:291
100 1 _aKüng, Hans,
_d1928-
_968961
245 1 0 _aProyecto de una ética mundial /
_cHans Küng ; [traducción, Gilberto Canal Marcos].
250 _a5ª ed.
260 _aMadrid :
_bTrotta,
_c2000.
300 _a174 p ;
_c23 cm.
490 1 _aColección Estructuras y procesos. Serie Religión
650 1 4 _aEtica-
_yS.XX.
_912583
650 1 7 _aCristianismo y otras religiones
_2embne
_911436
700 1 _aCanal Marcos, Gilberto.
_934377
830 0 0 _aEstructuras y procesos.
_pReligión
_9179878
852 _aES-MaACL
_jL-25050
_bR.130565
999 _c18417
_d18417